Score 0/12 Timer 03:00
8 Plays Today
% Correct
Sushi
96.4%
Crêpe
92.7%
Sauerbraten
91%
Lasagna
86.5%
Gumbo
85%
Vegemite
83%
Biryani
80.8%
Poutine
78.1%
Colcannon
75.4%
Haggis
75%
Bobotie
70%
Pelmeni
66.7%
Remove Ads.
Support Sporcle.
Get the best of Sporcle when you Go Orange. This ad-free experience offers more features, more stats, and more fun while also helping to support Sporcle. Thank you for becoming a member.

You're not logged in!

Compare scores with friends on all Sporcle quizzes.
OR
Log In

Show Comments

Extras

Top Quizzes Today


Score Distribution

Your Account Isn't Verified!

In order to create a playlist on Sporcle, you need to verify the email address you used during registration. Go to your Sporcle Settings to finish the process.

Report this User

Report this user for behavior that violates our Community Guidelines.

Details: